|
|
|
|
| LEADER |
01178nab#a2200301#ar4500 |
| 001 |
000070413 |
| 003 |
SVKKK |
| 005 |
20000928xxxxxxx. |
| 008 |
06 c xo huno |
| FMT |
|
|
|
| 038 |
|
|
|a SVKKK
|
| 040 |
|
|
|a SVKKK
|b slo
|e AACR2
|
| 041 |
0 |
|
|a hun
|
| 044 |
|
|
|a xo
|c SK
|
| 080 |
|
|
|a 177.7
|
| 080 |
|
|
|a 373.3
|
| 242 |
1 |
0 |
|a Dobročinný príspevok z príležitosti menín
|
| 245 |
0 |
0 |
|a Névnapi megváltás
|
| 520 |
2 |
|
|a Pri príležitosti menín daroval v apríli 1914 okresný kráľovský sudca (kir. járásbíró) Rudolf (Rezső) Prékopa Štátnej ľudovej škole v Revúcej 10 korún na zakúpenie harmónia. [Pozri aj Štatistika r. 1914, s. 510].
|
| 650 |
0 |
4 |
|a dobročinnosť - príspevok finančný (10 korún) - Prekopa, Rudolf (sudca okresný) - [Kráľovský okresný súd, Revúca (RV) - pôsobenie] - Štátna ľudová škola, Revúca (RV)(adresát) - základina harmóniová - správy
|
| 773 |
0 |
|
|t Murányvölgye : Szépirodalmi, társadalmi és közgazdasági hetilap
|g Roč. 4, č. 15 (12.04.1914) s. [3]
|
| 957 |
|
|
|a Revúca
|
| 958 |
|
|
|a DG
|
| 958 |
|
|
|a SK
|
| 974 |
|
|
|a ebl
|d 20000928
|
| 992 |
|
|
|a RBX
|
| BAS |
|
|
|
| 998 |
|
|
|a RETRO
|